Concrete technology (Record no. 4023)

000 -LEADER
fixed length control field 00455nam a22001817a 4500
001 - CONTROL NUMBER
control field 4023
003 - CONTROL NUMBER IDENTIFIER
control field BD-DhUET
008 - FIXED-LENGTH DATA ELEMENTS--GENERAL INFORMATION
fixed length control field 141111b xxu||||| |||| 00| 0 eng d
040 ## - CATALOGING SOURCE
Transcribing agency 0
Modifying agency BD-DhUET
082 ## - DEWEY DECIMAL CLASSIFICATION NUMBER
Classification number 620.136
Item number SHE/1982
100 ## - MAIN ENTRY--PERSONAL NAME
Personal name Shetty, M. S.
245 ## - TITLE STATEMENT
Title Concrete technology
Remainder of title theory and practice
250 ## - EDITION STATEMENT
Edition statement 1st ed.
260 ## - PUBLICATION, DISTRIBUTION, ETC. (IMPRINT)
Place of publication, distribution, etc. New Delhi
Name of publisher, distributor, etc. S. Chand
Date of publication, distribution, etc. 1982
300 ## - PHYSICAL DESCRIPTION
Extent xiv, 592p.
Other physical details ill.
650 #0 - SUBJECT ADDED ENTRY--TOPICAL TERM
Topical term or geographic name as entry element Concrete - Engineering
942 ## - ADDED ENTRY ELEMENTS (KOHA)
Koha item type General Book
Holdings
Price effective from Koha normalized classification for sorting Withdrawn status Koha date last seen Date acquired Piece designation (barcode) Koha item type Damaged status Shelving location Source of classification or shelving scheme Not for loan Copy number Sublocation or collection (holding branch) Lost status Location (home branch) Koha collection Koha issues (times borrowed) Koha full call number Koha date last borrowed
2014-11-11620_000000000000000_136SHE1982 2014-12-232014-11-1158310General Book Circulation section  2Central Library, BUET Central Library, BUET 1620.136/SHE/19822014-11-11
2014-11-16620_000000000000000_136SHE1982 2017-06-052014-11-1656438General Book Circulation section  1Central Library, BUET Central Library, BUET 1620.136/SHE/19822014-11-16
2014-11-18620_136000000000000_SHE_1982 2016-09-032014-11-1858315General Book Circulation section  3Central Library, BUET Central Library, BUET 1620.136/SHE/19822014-11-18
2014-11-26620_000000000000000_136SHE1982 2016-08-212014-11-2658312General Book Circulation section  4Central Library, BUET Central Library, BUET 2620.136/SHE/19822016-03-05
2015-02-05620_136000000000000_SHE_1982 2015-02-052015-02-0558311General Book Circulation section  5Central Library, BUET Central Library, BUETNon Fiction 620.136/SHE/1982 
2015-06-14620_136000000000000_SHE_1982 2015-06-142015-06-1458308Reading Item Reading section  6Central Library, BUET Central Library, BUET  620.136/SHE/1982 
2015-06-15620_136000000000000_SHE_1982 2015-06-152015-06-1558309Reading Item Reading section  7Central Library, BUET Central Library, BUET  620.136/SHE/1982 
2015-06-16620_136000000000000_SHE_1982 2015-06-162015-06-1658313Reading Item Reading section  8Central Library, BUET Central Library, BUET  620.136/SHE/1982 
2015-06-16620_136000000000000_SHE_1982 2015-06-162015-06-1658314Reading Item Reading section  9Central Library, BUET Central Library, BUET  620.136/SHE/1982 
2015-06-20620_136000000000000_SHE_1982 2015-06-202015-06-2058316Reading Item Reading section  10Central Library, BUET Central Library, BUET  620.136/SHE/1982 
2015-06-23620_136000000000000_SHE_1982 2015-06-232015-06-2355327Reading Item Reading section  11Central Library, BUET Central Library, BUET  620.136/SHE/1982